La democracia frustada en Guatemala: Las elecciones de marzo de 1966* /
Furkejuvvon:
| Váldodahkki: | |
|---|---|
| Materiálatiipa: | Texto |
| Fáttát: | |
| Fáddágilkorat: |
Lasit fáddágilkoriid
Eai fáddágilkorat, Lasit vuosttaš fáddágilkora!
|
MARC
| LEADER | 00000 a a2200000 04500 | ||
|---|---|---|---|
| 001 | 45505 | ||
| 003 | |||
| 040 | |||
| 090 | |a REV0780 (36)1998 | ||
| 100 | |a Vinegrad, Anna | ||
| 245 | |a La democracia frustada en Guatemala: |b Las elecciones de marzo de 1966* / |c Anna Vinegrad | ||
| 650 | |a ELECCIONES | ||
| 650 | |a DEMOCRACIA | ||
| 650 | |a PARTIDOS POLITICOS | ||
| 650 | |a ELECCIONES | ||
| 773 | |g número36, IV Epoca (1998), páginas 89-113 | ||
| 999 | |c 18198 |d 18198 | ||
